K 50. výročí ČSR : literární pásmo pro školy /

Hlavní autor: Kanyzová, Anna, 1907-1982
Jazyk: Čeština
Vydáno: Ostrava : Krajská knihovna, 1968
Edice: Metodické a bibliografické texty Knihovny města Ostravy. Metodický list
Témata:
Fyzický popis: 14 s. ; 8°
Knihy
Uloženo v:
LEADER 01471nam a22003732a 4500
001 000339694
003 CZ BrMZK
005 20180911120247.0
007 ta
008 010907s1968 xr f cze d
015 |a cnb000425265 
035 |a (OCoLC)42175946 
040 |a ABA001  |b cze  |c ABA001  |d ABA001  |d BOA001 
043 |a e-cs--- 
072 7 |a 37  |x Výchova a vzdělávání  |2 Konspekt  |9 22 
080 |a 394.46:32  |2 MRF 
080 |a 37.014.7  |2 MRF 
080 |a (437)  |2 MRF 
080 |a (072)  |2 MRF 
100 1 |a Kanyzová, Anna,  |d 1907-1982  |7 jx20031216002  |4 com 
245 1 0 |a K 50. výročí ČSR :  |b literární pásmo pro školy /  |c připr. Anna Kanyzová 
260 |a Ostrava :  |b Krajská knihovna,  |c 1968 
300 |a 14 s. ;  |c 8° 
490 1 |a Metodické a bibliografické texty Krajské knihovny v Ostravě. Metodický text ;  |v Čís. 5 
504 |a Obsahuje bibliografii 
650 0 7 |a politická výročí  |7 ph115789  |z Československo  |2 czenas 
650 0 7 |a kulturně-výchovná činnost  |7 ph224030  |2 czenas 
653 0 |a literární besedy 
655 7 |a metodické příručky  |7 fd132826  |2 czenas 
830 0 |a Metodické a bibliografické texty Knihovny města Ostravy.  |p Metodický list 
910 |a BOA001  |b PK-0052.275  |b X-0611.624 
990 |a BK 
996 6 |b 2618920008  |c X-0611.624  |l MZK  |r Sklad / do 24 hodin  |n 0  |w 000339694  |u 000020  |a 1  |e BOA001  |j MZK50  |s P 
996 7 |b 3119803967  |c PK-0052.275  |l MZK  |r Sklad / do 1 hodiny  |n 0  |w 000339694  |u 000010  |a 1  |e BOA001  |j MZK50  |s A